LEADER 01368nam a2200313 a 4500 001 000000126056 003 CaOOAMICUS 005 20110715152740.0 008 110715s2011 it u000 u ita r 040 $aPUL$bita 041 1 $aita$hger 082 04$a808.8 100 1 $aSchnitzler, Arthur,$d1862-1931.$0(OLS)http://pul/name/80162 240 10$aTraumnovelle.$lItaliano.$0(OLS)http://pul/title/159132 245 10$aDoppio sogno /$cArthur Schnitzler ; introduzione di Antonio Tabucchi ; nota introduttiva e traduzione di Paola Capriolo. 260 $aRoma :$bGruppo editoriale l'Espresso,$cİ2011. 300 $a112 p. ;$c20 cm 490 1 $aGrandi della narrativa ;$v03 500 $aSul front.: La biblioteca di Repubblica. 700 1 $aTabucchi, Antonio,$d1943-$0(OLS)http://pul/name/61723 700 1 $aCapriolo, Paola.$0(OLS)http://pul/name/78811 830 0$aGrandi della narrativa (L'Espresso) ;$v03.$0(OLS)http://pul/title/159128 850 $aPUL 852 $aPUL$W1$xDP2 Cons. Gen., Altre Classi 3$y97$m808. 8 COLL 2.3$j145230$qDDC 21$B144241$CPULBib$Z2$F144241 $H117675 $82 941 1 $a9 996 $6082$a808.8$9(OLS)http://pul/classification/2065 996 $6245$aDoppio sogno$9(OLS)http://pul/title/159133 996 $6260$aRoma :$bGruppo editoriale l'Espresso$9(OLS)http://pul/publisher/79104 LEADER 01510nam a2200349 a 4500 001 000000135311 003 CaOOAMICUS 005 20130904110212.0 008 130904s2013 it u000 u ita r 020 $a978-88-598-0921-0 040 $aPUL$bita 082 04$a346.4507 245 03$aLa fideiussione /$ca cura di Giuseppe Bozzi. 260 $aTorino :$bUTET Giuridica ;$aMilanofiori Assago :$bWolters Kluwer,$cİ2013. 300 $aXI, 1070 p. ;$c25 cm. 490 1 $aNuova giurisprudenza di diritto civile e commerciale 500 $aInclude indice. 500 $aSulla cop.: Diritto dei contratti. 504 $aBibliografia in nota. 650 4$aDiritto privato$zItalia.$0(OLS)http://pul/subject/1235 650 4$aFideiussione.$0(OLS)http://pul/subject/33886 700 1 $aBozzi, Giuseppe.$0(OLS)http://pul/name/87181 830 0$aNuova giurisprudenza di diritto civile e commerciale.$0(OLS)http://pul/title/142570 850 $aPUL 852 $aPUL$W1$xSL Diritto e Scienze Sociali 3$y79$m346. 4507 BOZGI 1$j155912$qDDC 21$B155332$CPULBib$Z2$F155332 $H122782 $82 941 1 $a9 996 $6020$a978-88-598-0921-0$9(OLS)http://pul/number/153497 996 $6082$a346.4507$9(OLS)http://pul/classification/1803 996 $6245$aLa fideiussione$9(OLS)http://pul/title/171103 996 $6260$aTorino :$bUTET Giuridica$9(OLS)http://pul/publisher/79191 996 $6260$aMilanofiori Assago :$bWolters Kluwer$9(OLS)http://pul/publisher/81463